| 000 | 00756nam a2200217Ia 4500 | ||
|---|---|---|---|
| 003 | OSt | ||
| 005 | 20230508094933.0 | ||
| 008 | 210423s2013 xx 000 0 und d | ||
| 020 | _a9788126517558 | ||
| 040 | _cAL | ||
| 041 | _aeng | ||
| 082 |
_a531.14 _223 _bWEIG |
||
| 100 |
_aSteven Weinberg _965873 |
||
| 245 |
_aGravitation and cosmology: principles and applications of the general theory. _b: Principles and applications of the general theory of relativity |
||
| 260 |
_aNew Delhi _bWiley and Sons _c2013 |
||
| 300 |
_axxviii,657p. _bPB _c22.8X15.5cm. |
||
| 365 |
_bGeneral _cINR _2₹559.00 _a₹ _d₹ |
||
| 650 |
_2Physics _aPhysics _965874 |
||
| 906 | _aapplications ; cosmology: ; general ; Gravitation ; principles ; theory. | ||
| 942 |
_2ddc _cBK |
||
| 999 |
_c162393 _d162393 |
||